<?xml version="1.0" encoding="UTF-8"?>
<record
    xmlns:xsi="http://www.w3.org/2001/XMLSchema-instance"
    xsi:schemaLocation="http://www.loc.gov/MARC21/slim http://www.loc.gov/standards/marcxml/schema/MARC21slim.xsd"
    xmlns="http://www.loc.gov/MARC21/slim">

  <leader>03073nam a22002777a 4500</leader>
  <controlfield tag="003">DO-SdBJH</controlfield>
  <controlfield tag="005">20260630203138.0</controlfield>
  <controlfield tag="008">260630b2025    |||d|||| |||| 00| 0 spa d</controlfield>
  <datafield tag="040" ind1=" " ind2=" ">
    <subfield code="a">DO-SdBJH</subfield>
    <subfield code="b">spa</subfield>
    <subfield code="c">DO-SdBJH</subfield>
  </datafield>
  <datafield tag="041" ind1="0" ind2=" ">
    <subfield code="a">spa</subfield>
  </datafield>
  <datafield tag="090" ind1=" " ind2=" ">
    <subfield code="a">CT CM-0008</subfield>
    <subfield code="b">AMBC 2025</subfield>
  </datafield>
  <datafield tag="100" ind1="1" ind2=" ">
    <subfield code="a">Beltr&#xE9; Rochttis, Daniel E.</subfield>
    <subfield code="e">sustentante</subfield>
  </datafield>
  <datafield tag="245" ind1="1" ind2="0">
    <subfield code="a">Propuesta de creaci&#xF3;n del banco de sangre en beneficio de los miembros del ERD /</subfield>
    <subfield code="c">Daniel E. Beltr&#xE9; Rochttis, Keinel O. Laureano Sosa ; asesor metodol&#xF3;gico Reynaldo Cruz Camacho ; asesor de contenido Andr&#xE9;s Torres Reyes.</subfield>
  </datafield>
  <datafield tag="260" ind1=" " ind2=" ">
    <subfield code="a">Santo Domingo, Rep&#xFA;blica Dominicana :</subfield>
    <subfield code="b">UNADE,</subfield>
    <subfield code="c">2025.</subfield>
  </datafield>
  <datafield tag="300" ind1=" " ind2=" ">
    <subfield code="a">xvi,62, [04] p&#xE1;ginas :</subfield>
    <subfield code="b">gr&#xE1;ficas.</subfield>
  </datafield>
  <datafield tag="502" ind1=" " ind2=" ">
    <subfield code="a">Tesis y trabajos de grado (Licenciatura en Ciencias Militares)--Universidad Nacional para la Defensa "General Juan Pablo Duarte y D&#xED;ez", Academia Militar Batalla de las Carreras, Santo Domingo, 2025.</subfield>
  </datafield>
  <datafield tag="504" ind1=" " ind2=" ">
    <subfield code="a">Incluye referencias bibliogr&#xE1;ficas y anexos.</subfield>
  </datafield>
  <datafield tag="505" ind1=" " ind2=" ">
    <subfield code="a">Evoluci&#xF3;n, el maro legal y doctrinal en la creaci&#xF3;n y uso de bancos de sangre dentro del Ej&#xE9;rcito Dominicano para beneficio de sus miembros -- Elementos que componen la creaci&#xF3;n y gesti&#xF3;n de un banco de sangre para los miembros del Ej&#xE9;rcito Dominicano -- Propuesta de creaci&#xF3;n del banco de sangre del Ej&#xE9;rcito de Rep&#xFA;blica Dominicana (ERD).</subfield>
  </datafield>
  <datafield tag="520" ind1=" " ind2=" ">
    <subfield code="b">La presente investigaci&#xF3;n tiene como prop&#xF3;sito una propuesta para la creaci&#xF3;n de un banco de sangre en veneficio de los miembros del Ejercito Dominicano (ERD). Se de la necesidad de contar con un sistema seguro, eficiente y sostenible que garantice la disponibilidad inmediata de sangre y hemoderivados en situaciones de emergencia m&#xE9;dica. El estudio aborda, en primer lugar la evoluci&#xF3;n hist&#xF3;rica y el marco legal de los bancos de sangre en contextos militares, tanto en la Rep&#xFA;blica Dominicana con el &#xE1;mbito internacional. Posteriormente, se analiza, la situaci&#xF3;n actual del ERD en cuanto a la gesti&#xF3;n sanitaria y sus limitaciones frente a emergencias. Finalmente, se presenta la propuesta estructurada de un banco de sangre militar, considerando aspectos log&#xED;sticos, legales y de y de capacitaci&#xF3;n del personal. La investigaci&#xF3;n se desarrollo con un enfoque cualitativo, utilizando m&#xE9;todos inductivos y anal&#xED;ticos, apoyados en fuentes documentales primarias y secundarias. Entre los resultados esperados se encuentran: el fortalecimiento de la capacidad operativa del ERD, la reducci&#xF3;n de la vulnerabilidad en casos de emergencias y la consolidaci&#xF3;n de un sistema de salud militar m&#xE1;s eficiente y resiliente.</subfield>
  </datafield>
  <datafield tag="650" ind1=" " ind2="7">
    <subfield code="2">lemb</subfield>
    <subfield code="a">Bancos de sangre</subfield>
    <subfield code="v">Tesis y disertaciones acad&#xE9;micas</subfield>
    <subfield code="x">Administraci&#xF3;n</subfield>
    <subfield code="x">Legislaci&#xF3;n</subfield>
    <subfield code="y">Siglo XXI</subfield>
    <subfield code="z">Rep&#xFA;blica Dominicana</subfield>
  </datafield>
  <datafield tag="650" ind1=" " ind2="7">
    <subfield code="2">lemb</subfield>
    <subfield code="a">Ej&#xE9;rcito de Rep&#xFA;blica Dominicana</subfield>
    <subfield code="v">Tesis y disertaciones acad&#xE9;micas</subfield>
    <subfield code="x">Servicios m&#xE9;dicos militares</subfield>
    <subfield code="x">Bancos de sangre</subfield>
    <subfield code="y">Siglo XXI</subfield>
    <subfield code="z">Rep&#xFA;blica Dominicana</subfield>
  </datafield>
  <datafield tag="700" ind1="1" ind2=" ">
    <subfield code="a">Laureano Sosa, Keinel O.</subfield>
    <subfield code="e">sustentante</subfield>
  </datafield>
  <datafield tag="700" ind1="1" ind2=" ">
    <subfield code="a">Cruz Camacho, Reynaldo</subfield>
    <subfield code="e">asesor metodol&#xF3;gico</subfield>
  </datafield>
  <datafield tag="700" ind1="1" ind2=" ">
    <subfield code="a">Torres Reyes, Andr&#xE9;s</subfield>
    <subfield code="e">asesor de contenido</subfield>
  </datafield>
  <datafield tag="942" ind1=" " ind2=" ">
    <subfield code="2">CL</subfield>
    <subfield code="c">T</subfield>
  </datafield>
  <datafield tag="999" ind1=" " ind2=" ">
    <subfield code="c">8730</subfield>
    <subfield code="d">8730</subfield>
  </datafield>
  <datafield tag="952" ind1=" " ind2=" ">
    <subfield code="0">0</subfield>
    <subfield code="1">0</subfield>
    <subfield code="2">CL</subfield>
    <subfield code="4">0</subfield>
    <subfield code="7">0</subfield>
    <subfield code="8">TG</subfield>
    <subfield code="a">BJHA</subfield>
    <subfield code="b">BJHA</subfield>
    <subfield code="c">GEN</subfield>
    <subfield code="d">2026-06-30</subfield>
    <subfield code="i">25-02588</subfield>
    <subfield code="l">0</subfield>
    <subfield code="o">CT CM-0008 AMBC 2025</subfield>
    <subfield code="p">25-02588</subfield>
    <subfield code="r">2026-06-30 13:55:15</subfield>
    <subfield code="t">e.1</subfield>
    <subfield code="w">2026-06-30</subfield>
    <subfield code="y">T</subfield>
  </datafield>
</record>
